Equipe de football français disparue A-Z - Statistiques

Statistiques générales
  • Ce quiz a été pris 2 fois
  • Le résultat moyen est 2 sur 18
Statistiques - réponses
Lettre Réponse % Correct
A Association sportive de Béziers, AS Giraumont-Doncourt...
100%
C Club Malherbe Caennais, Cannet 66 FC, Cercle pédestre d'Asnières...
50%
B Bourge 18, Borgo FC, Buerdos CDE...
0%
E Etoile des deux lacs, Evreux AC, Entente Sportive Ingradaise...
0%
F FC de Levallois, FC Jojo, Fivois SC, FC Plessis-Trévisse Villecresnes...
0%
G Gallia Club
0%
H Herculis
0%
I Impassible, International Athetic Club
0%
M Messine AS, Montreuil CA, Mouzon AC
0%
N Nancy FC, Norcap Olympique Grenoble
0%
O Olympique, Olympique Celte, Olympique Lillois...
0%
P Patronage Olier, Pont-Saint-Esprit Independante,
0%
R RC Reims, Rennais FC, Roubais-Tourcoing CO, Rennais FC...
0%
S Stade Saint-Germanois, Stade de l'Est, Saint-Denis Saint-Leu FC
0%
T Toulouse FC (1937-1967)
0%
U Union Sportive Royenne, US Club
0%
V Vannes FC, Véloce Vannetais, Vie au grand air du Médoc
0%
W White Rovers FC
0%
Aucun quiz correspondant
Distribution des résultats
% des personnes avec chaque résultat
Percentile par nombre de réponses
Votre historique - résultats
Vous n’avez pas pris ce quiz